Government institutions and underdevelopment : (Record no. 20943)

MARC details
000 -LEADER
fixed length control field 01454cam a2200361 a 4500
001 - CONTROL NUMBER
control field 12131065
003 - CONTROL NUMBER IDENTIFIER
control field BDDh-ASL
005 - DATE AND TIME OF LATEST TRANSACTION
control field 20231015025942.0
008 - FIXED-LENGTH DATA ELEMENTS--GENERAL INFORMATION
fixed length control field 000509s2000 bg b b 000 0 eng
010 ## - LIBRARY OF CONGRESS CONTROL NUMBER
LC control number 99952226
020 ## - INTERNATIONAL STANDARD BOOK NUMBER
International Standard Book Number 9845130135
025 ## - OVERSEAS ACQUISITION NUMBER
Overseas acquisition number B-E-99-952226; 021
035 ## - SYSTEM CONTROL NUMBER
System control number (DLC) 99952226
037 ## - SOURCE OF ACQUISITION
Source of stock number/acquisition Library of Congress -- New Delhi Field Office
Terms of availability Tk200.00 ($15.00 U.S.)
040 ## - CATALOGING SOURCE
Original cataloging agency DLC
Transcribing agency DLC
Modifying agency DLC
-- BDDh-ASL
042 ## - AUTHENTICATION CODE
Authentication code lcode
043 ## - GEOGRAPHIC AREA CODE
Geographic area code a-bg---
050 00 - LIBRARY OF CONGRESS CALL NUMBER
Classification number HN690.6.A8
Item number M84 2000
082 ## - DEWEY DECIMAL CLASSIFICATION NUMBER
Classification number 301.5492
Item number HUG
100 1# - MAIN ENTRY--PERSONAL NAME
Personal name Mufazzalul Huq, Muhammad,
Dates associated with a name 1942-
245 10 - TITLE STATEMENT
Title Government institutions and underdevelopment :
Remainder of title a study of the tribal peoples of Chittagong Hill Tracts, Bangladesh /
Statement of responsibility, etc. Muhammad Mufazzalul Huq.
260 ## - PUBLICATION, DISTRIBUTION, ETC.
Place of publication, distribution, etc. Dhaka :
Name of publisher, distributor, etc. Centre for Social Studies,
Date of publication, distribution, etc. 2000.
300 ## - PHYSICAL DESCRIPTION
Extent 149 p. :
Other physical details 1 map ;
Dimensions 22 cm.
504 ## - BIBLIOGRAPHY, ETC. NOTE
Bibliography, etc. note Includes bibliographical references (p. 146-149).
650 #0 - SUBJECT ADDED ENTRY--TOPICAL TERM
Topical term or geographic name entry element Tribes
General subdivision Government policy
Geographic subdivision Bangladesh
-- Chittagong Hill Tracts (Region)
651 #0 - SUBJECT ADDED ENTRY--GEOGRAPHIC NAME
Geographic name Tribes
Geographic subdivision Bangladesh
-- Chittagong Hill Tracts (Region)
651 #0 - SUBJECT ADDED ENTRY--GEOGRAPHIC NAME
Geographic name Chittagong Hill Tracts (Bangladesh : Region)
General subdivision Politics and government.
651 #0 - SUBJECT ADDED ENTRY--GEOGRAPHIC NAME
Geographic name Chittagong Hill Tracts (Bangladesh : Region)
General subdivision Social conditions.
710 2# - ADDED ENTRY--CORPORATE NAME
Corporate name or jurisdiction name as entry element Dhaka University.
Subordinate unit Centre for Social Studies.
906 ## - LOCAL DATA ELEMENT F, LDF (RLIN)
a 7
b cbc
c origode
d 3
e ncip
f 19
g y-gencatlg
942 ## - ADDED ENTRY ELEMENTS (KOHA)
Source of classification or shelving scheme Dewey Decimal Classification
Koha item type Books
Holdings
Withdrawn status Lost status Source of classification or shelving scheme Damaged status Not for loan Collection code Home library Current library Shelving location Date acquired Source of acquisition Total Checkouts Full call number Barcode Date last seen Copy number Price effective from Koha item type
    Dewey Decimal Classification     Non-fiction Asiatic Society Library Asiatic Society Library General Stacks 01/17/2021 ASB Collection   301.5492 HUG 104454 01/17/2021 C-1 01/17/2021 Books

Powered by Koha